| 000 | 01094cam a2200217 4500 | ||
|---|---|---|---|
| 001 | WB4018-15 | ||
| 008 | 040512n2004 000 0 eng u | ||
| 035 | _a(Sirsi) u126170 | ||
| 245 | _aReport highlights waste deficiency | ||
| 260 | _c2004 | ||
| 490 |
_aPlanning (for the Natural and Built Environment) _v(1568) 7 May 2004, 3(1) |
||
| 520 | _aThe Environmental Services Association (ESA), a trade body representing waste management operators, has published a report claiming that 3 000 new facilities are needed to recycle, recover, compost and treat the amount of waste currently sent to landfill. ESA has called on government to help deliver the facilities required to provide a sustainable future. "Land-use planning for sustainable waste management" is available to view on the ESA website, http://www.esauk.org/documents/work/reports/landus eplanning.pdf. | ||
| 590 | _aWB | ||
| 590 | _aWB | ||
| 650 | _aRECYCLING WASTE | ||
| 650 | _aSUSTAINABLE DEVELOPMENT | ||
| 650 | _aLANDFILL WASTE | ||
| 650 | _aWASTE HANDLING FACILITIES | ||
| 690 | _aWASTE MANAGEMENT | ||
| 942 | _n0 | ||
| 999 |
_c117339 _d117339 |
||